| 000 | 01889nam0a2200409 4500 | ||
|---|---|---|---|
| 001 | RU\NLR\BIBL_A\010466663 | ||
| 005 | 20250614055122.0 | ||
| 010 |
_a978-5-17-078102-7 _94000 |
||
| 021 |
_aRU _b2014-53204 _93209 |
||
| 035 | _a(NLR Aleph) 010466663 | ||
| 090 |
_a10004445 _c10004445 |
||
| 100 | _a20140925d2013 |||y0rusy50 ca | ||
| 101 | 0 | _arus | |
| 102 | _aRU | ||
| 105 | _ay|||z|||000yy | ||
| 200 | 1 |
_aРожденная быть женой _eтвой путь к замужеству _fНаталья Покатилова |
|
| 210 |
_aМосква _cАСТ _d2013 |
||
| 215 |
_a313 с. _d18 _e1 электрон. опт. диск (CD-ROM) |
||
| 300 | _aНа 4-й с. обл. авт.: Наталья Покатилова, психолог | ||
| 300 | _aЗагл. диска: Успешный мужчина - дело рук женщины: отрывок из тренинга | ||
| 320 | _aДр. произведения авт. на обл. | ||
| 464 | 0 |
_12001#$aУспешный мужчина - дело рук женщины$eотрывок из тренинга _tУспешный мужчина - дело рук женщины |
|
| 606 | 1 |
_aТренинг психологический _jПопулярные издания _92224697 _3RU\NLR\auth\661335603 |
|
| 606 | 1 |
_aЖенщины _jПопулярные издания _xПсихология _91180921 _3RU\NLR\auth\66475197 |
|
| 686 |
_a88.323.1 _vLBC/M _2rubbk |
||
| 686 |
_a88.531 _vLBC/M _2rubbk |
||
| 686 |
_a88.373 _vLBC/RL _2rubbk |
||
| 686 | 1 | _aЮ937.31я9 | |
| 686 | 1 | _aЮ948.1-82я9 | |
| 700 | 1 |
_aПокатилова _bН. _f1970- _gНаталья |
|
| 801 | 0 |
_aRU _bСахалинская ОУНБ _c20131212 _grcr |
|
| 801 | 1 |
_aRU _bСахалинская ОУНБ _c20131212 |
|
| 830 | _a128 | ||
| 942 | _cBOOK | ||
| 980 | _aNB | ||